Statistics for Finish the Lyrics - Zombie

Click here to take the quiz!

General Stats

  • This quiz has been taken 19 times
  • The average score is 27 of 33

Answer Stats

HintAnswer% Correct
What's in your ____, in your ____?head
100%
In your ____, in your ____head
100%
What's in your ____, in your ____?head
100%
In your ____, in your ____head
100%
And their bombs and their ____guns
93%
And their bombs and their ____guns
93%
______, ______, ______-ie-iezombie
93%
______, ______, ______-ie-ie-ie, ohzombie
93%
______, ______, ______-ie-ie-iezombie
93%
______, ______, ______-ie-iezombie
93%
With their tanks and their _____bombs
86%
With their tanks and their _____bombs
86%
It's not my ______family
86%
But you see, it's not __me
86%
When the violence causes _______silence
86%
And the violence caused such _______silence
86%
_____ is slowly takenchild
79%
In your head, in your head, they are ______crying
79%
In your head, in your head, they are _____dying
79%
In your head, in your head, they're still ________fighting
79%
In your head, in your head, they are ________fighting
79%
We must be ________mistaken
79%
Who are we ________?mistaken
79%
_____ is taking overheart
71%
Another head hangs _____lowly
71%
__-__-__-__-__-__-__, eh-eh __, ya-yaoh
71%
Another mother's ________breaking
64%
__, __, __, __do
64%
__, __, __, __do
64%
__, __, __, __do
64%
__, __, __, __do
64%
Since ________-_______nineteen-sixteen
64%
It's the same old _____theme
64%

Score Distribution

Percentile by Number Answered

Percent of People with Each Score

Your Score History

You have not taken this quiz